| 000 | 00552nam a2200241 a 4500 | ||
|---|---|---|---|
| 001 | nice12345678 | ||
| 003 | IN_TiNIC | ||
| 005 | 20260116011557.0 | ||
| 008 | 050524s1927 egya grp 000 0 per | ||
| 020 |
_a _c100 |
||
| 082 | 0 | 0 |
_a239 _bABD7 |
| 100 | _aAbdul, Masih | ||
| 245 | _aMukalimat-E-Muhabbatana | ||
| 260 |
_aEgypt _bNo Publishers _c1927 |
||
| 300 | _a117p | ||
| 500 | _aincludes index and biblioraphy | ||
| 505 | 2 | _aindex | |
| 650 | _aApologetics | ||
| 700 | 1 | _aAbdul, Masih | |
| 902 | _bSRS | ||
| 942 | _cBK | ||
| 999 |
_c2709 _d2709 |
||